| 000 | 00531cam a22002171 4500 | ||
|---|---|---|---|
| 001 | 6479335 | ||
| 005 | 20180315080826.0 | ||
| 008 | 730108s1948 nyua 000 0 eng | ||
| 010 | _a 48008685 | ||
| 035 | _a(OCoLC)531042 | ||
| 040 |
_aDLC _cODaWU _dOCoLC _dDLC |
||
| 041 | _aeng | ||
| 042 | _apremarc | ||
| 080 | _a530 HAU | ||
| 082 | _a530 HAU | ||
| 100 | 1 | _a43 | |
| 101 | _aFIZ | ||
| 245 | 1 | 0 |
_aPhysics, _cby Erich Hausmann and Edgar P. Slack. |
| 906 |
_a7 _bcbc _coclcrpl _du _encip _f19 _gy-gencatlg |
||
| 942 |
_2ddc _cBK |
||
| 999 |
_c45135 _d45135 |
||